000 00517nam a2200193Ia 4500
003 GCL
008 140319s9999 xx 000 0 ara d
040 _aGCL /
_cGCL
082 0 4 _a191
_bز ح
100 1 _aزكى نجيب محمود
245 1 0 _aحصاد السنين /
_cزكى نجيب محمود
300 _a245 ص
490 _a
650 0 4 _aالتراجم
650 0 4 _aالتراجم الذاتية
650 0 4 _aزكى نجيب محمود
650 0 4 _aالرجال - تراجم
942 _2ddc
_cBK
999 _c45191
_d45191